[Event "Kstovo Chess Hopes op"]
[Site "Kstovo"]
[Date "2012.07.??"]
[Round "1"]
[White "Goltseva, Ekaterina"]
[Black "Jevtushenko, VV."]
[Result "1-0"]
[WhiteElo "1681"]
[BlackElo "1928"]
[PlyCount "53"]
[EventDate "2012.07.??"]
[EventType "swiss"]
[EventRounds "9"]
[EventCountry "RUS"]
[SourceTitle "EXT 2014"]
[Source "ChessBase"]
[SourceDate "2013.11.20"]
[SourceVersion "1"]
[SourceVersionDate "2013.11.20"]
[SourceQuality "1"]

1. e4 c5 2. Nf3 Nc6 3. d4 cxd4 4. Nxd4 g6 5. c4 Bg7 6. Be3 Nf6 7. Nc3 0-0 8. Be2 d6 9. 0-0 Bd7 10. Qd2 Ng4 11. Bxg4 Bxg4 12. f4 Rc8 13. b3 Qc7 14. Nd5 Qd8 15. Rae1 Bd7 16. Nb5 a6 17. Bb6 Qe8 18. Nbc7 Rxc7 19. Nxc7 Qc8 20. Nd5 Re8 21. Kh1 Nd8 22. Bg1 Bc6 23. f5 Be5 24. f6 Bxd5 25. exd5 exf6 26. Rxf6 Qg4 27. Rxd6 1-0

[Event "Kstovo Chess Hopes op"]
[Site "Kstovo"]
[Date "2011.06.18"]
[Round "1"]
[White "Jevtushenko, VV."]
[Black "Vlasov, Vladimir1111"]
[Result "1-0"]
[WhiteElo "1922"]
[BlackElo "1598"]
[PlyCount "59"]
[EventDate "2011.06.18"]
[EventType "swiss"]
[EventRounds "9"]
[EventCountry "RUS"]
[SourceTitle "EXT 2012"]
[Source "ChessBase"]
[SourceDate "2011.11.24"]
[SourceVersion "1"]
[SourceVersionDate "2011.11.24"]
[SourceQuality "1"]

1. e4 c5 2. Nf3 d6 3. Bb5+ Bd7 4. Qe2 a6 5. Bxd7+ Qxd7 6. 0-0 Nc6 7. c3 e5 8. Rd1 Nf6 9. h3 Be7 10. d4 cxd4 11. cxd4 Qc7 12. Nc3 0-0 13. Be3 Rfd8 14. Rac1 Qa5 15. a3 exd4 16. Nxd4 Nxd4 17. Bxd4 Qg5 18. Bxf6 Bxf6 19. Nd5 Rac8 20. Rc2 Be5 21. g3 Rxc2 22. Qxc2 Re8 23. Kg2 Bf6 24. Ne3 Qc5 25. Rc1 g6 26. Nd5 Bd4 27. Qd2 Qa7 28. Rc4 Bg7 29. Qf4 b5 30. Rc7 1-0

[Event "Kstovo op"]
[Site "Kstovo"]
[Date "2010.09.07"]
[Round "4"]
[White "Jevtushenko, VV."]
[Black "Malyshev, Nikita"]
[Result "1-0"]
[WhiteElo "1938"]
[BlackElo "1848"]
[PlyCount "67"]
[EventDate "2010.09.04"]
[EventType "swiss"]
[EventRounds "9"]
[EventCountry "RUS"]
[SourceTitle "EXT 2014"]
[Source "ChessBase"]
[SourceDate "2013.11.20"]
[SourceVersion "1"]
[SourceVersionDate "2013.11.20"]
[SourceQuality "1"]

1. c4 Nf6 2. Nc3 d5 3. e3 g6 4. d4 Bg7 5. Nf3 0-0 6. b3 c5 7. Bb2 Qa5 8. Qd2 cxd4 9. Nxd4 Rd8 10. cxd5 Nxd5 11. Bc4 Be6 12. 0-0 Nxc3 13. Bxc3 Qh5 14. Bxe6 fxe6 15. Qb2 Rc8 16. Rac1 Be5 17. Nf3 Bxc3 18. Rxc3 Nc6 19. Rfc1 Rc7 20. h3 Rd8 21. Rc5 Rd5 22. b4 Rcd7 23. Rxd5 Rxd5 24. a4 a6 25. e4 Rd8 26. b5 axb5 27. axb5 Na7 28. Qb3 Kf7 29. h4 h6 30. Qe3 Nc8 31. Qf4+ Kg7 32. Qc7 Re8 33. Qd7 Kf7 34. Rxc8 1-0

[Event "Kstovo Kichigin Memorial op"]
[Site "Kstovo"]
[Date "2010.02.??"]
[Round "3"]
[White "Jevtushenko, VV."]
[Black "Malyshev, Nikita"]
[Result "1-0"]
[WhiteElo "1938"]
[BlackElo "1848"]
[PlyCount "103"]
[EventDate "2010.02.??"]
[EventType "swiss"]
[EventRounds "9"]
[EventCountry "RUS"]
[SourceTitle "EXT 2014"]
[Source "ChessBase"]
[SourceDate "2013.11.20"]
[SourceVersion "1"]
[SourceVersionDate "2013.11.20"]
[SourceQuality "1"]

1. e4 e6 2. Nf3 d5 3. e5 c5 4. Bb5+ Bd7 5. Bxd7+ Qxd7 6. 0-0 Nc6 7. Re1 Nge7 8. d4 cxd4 9. Nxd4 Ng6 10. Nxc6 bxc6 11. Nd2 Bc5 12. Nf3 0-0 13. c3 Qc7 14. Qe2 a5 15. b3 Rfb8 16. g3 Be7 17. c4 a4 18. cxd5 cxd5 19. Be3 axb3 20. axb3 Rxa1 21. Rxa1 Rxb3 22. Ra8+ Rb8 23. Ra7 Qc3 24. Qd1 Qb4 25. Rc7 Qe4 26. Nd2 Qxe5 27. Rxe7 Nxe7 28. Bf4 Qb2 29. Bxb8 Qxb8 30. Qa4 h6 31. Qd7 Nf5 32. Kg2 Qb2 33. Nf1 Qf6 34. Nd2 Qc3 35. Nf1 Qb4 36. Qe8+ Qf8 37. Qc6 Nd4 38. Qa4 e5 39. Ne3 Qd8 40. Qa2 Qd7 41. Qa8+ Kh7 42. Nxd5 Qc6 43. Qxc6 Nxc6 44. Kf3 Kg6 45. Ke3 f6 46. f4 Kh5 47. h3 f5 48. fxe5 Nxe5 49. Kf4 Nd3+ 50. Kxf5 g6+ 51. Kf6 g5 52. Kf5 1-0

[Event "Kstovo Hope op"]
[Site "Kstovo"]
[Date "2009.06.22"]
[Round "6"]
[White "Jevtushenko, VV."]
[Black "Shilnikov, Igor S"]
[Result "0-1"]
[WhiteElo "1976"]
[BlackElo "1939"]
[PlyCount "34"]
[EventDate "2009.06.22"]
[EventType "swiss"]
[EventRounds "8"]
[EventCountry "RUS"]
[SourceTitle "EXT 2022"]
[Source "ChessBase"]
[SourceDate "2021.10.06"]
[SourceVersion "1"]
[SourceVersionDate "2021.10.06"]
[SourceQuality "1"]

1. e4 e5 2. Nf3 Nc6 3. Bc4 Bc5 4. 0-0 Nf6 5. d3 d6 6. h3 0-0 7. a3 a6 8. b4 Ba7 9. c3 Be6 10. Bxe6 fxe6 11. Be3 Qe7 12. Bxa7 Rxa7 13. Nbd2 Raa8 14. Qe2 Nh5 15. Nh2 Nf4 16. Qe3 Qg5 17. Ng4 h5 0-1

[Event "Kstovo Hope op"]
[Site "Kstovo"]
[Date "2009.06.22"]
[Round "1"]
[White "Volkov, Ilya2222"]
[Black "Jevtushenko, VV."]
[Result "0-1"]
[WhiteElo "1714"]
[BlackElo "1976"]
[PlyCount "62"]
[EventDate "2009.06.22"]
[EventType "swiss"]
[EventRounds "8"]
[EventCountry "RUS"]
[SourceTitle "EXT 2022"]
[Source "ChessBase"]
[SourceDate "2021.10.06"]
[SourceVersion "1"]
[SourceVersionDate "2021.10.06"]
[SourceQuality "1"]

1. Nf3 d5 2. c4 e6 3. d4 Bb4+ 4. Bd2 Bxd2+ 5. Nbxd2 Nf6 6. g3 0-0 7. Bg2 Nbd7 8. 0-0 b6 9. cxd5 exd5 10. Rc1 Bb7 11. Qc2 Rc8 12. Qa4 a6 13. b4 Qe7 14. e3 Ne4 15. Nxe4 dxe4 16. Nd2 b5 17. Qb3 Nb6 18. a3 Bd5 19. Qc2 f5 20. Rfe1 Nc4 21. Nxc4 Bxc4 22. Bf1 Bd5 23. Qb2 c6 24. Be2 Rf6 25. Bd1 g5 26. Bb3 Qe6 27. Bxd5 cxd5 28. Rc5 f4 29. exf4 gxf4 30. Qd2 Rxc5 31. bxc5 Qh3 0-1